| 000 | 00599nam a2200229Ia 4500 | ||
|---|---|---|---|
| 003 | OSt | ||
| 005 | 20221007080636.0 | ||
| 006 | a|||||r|||| 00| 0 | ||
| 007 | ta | ||
| 008 | 221006b |||||||| |||| 00| 0 eng d | ||
| 024 | _a25,946 | ||
| 037 | _cTextual | ||
| 040 |
_aFLL _cFLL _beng |
||
| 041 |
_2eng _aeng |
||
| 082 | _aZ73:35, K8 | ||
| 100 |
_aStockton John M. _9695141 |
||
| 245 | 0 | _aLaw of sales | |
| 260 |
_aNew Jersey _b Prentice-Hall, Inc. New _c1968 |
||
| 300 |
_axii,1-139p _ccm. |
||
| 942 |
_hZ73:35, K8 _cTEXL _2CC |
||
| 999 |
_c1160397 _d1160397 |
||